LEADER 01057nam0-2200349---450- 001 990009739860403321 005 20140306124921.0 010 $a978-88-464-8451-2 035 $a000973986 035 $aFED01000973986 035 $a(Aleph)000973986FED01 035 $a000973986 100 $a20130613d2007----km-y0itay50------ba 101 0 $aita 102 $aIT 105 $aa-------001yy 200 1 $aDisturbi della condotta alimentare$ediagnosi e terapia$fa cura di Emilia Costa, Camillo Loriedo$gscritti di Paolo Caliari ... [et al.] 210 $aMilano$cFranco Angeli$dc2007 215 $a350 p.$cill.$d23 cm 225 1 $aPratica clinica$v1143 610 0 $aAlimentazione$aPsicopatologia 676 $a616.85262 702 1$aCosta,$bEmilia$f<1937- > 702 1$aLoriedo,$bCamillo 702 1$aCaliari,$bPaolo 801 0$aIT$bUNINA$gRICA$2UNIMARC 901 $aBK 912 $a990009739860403321 952 $aP.1 PCP 517$bbibl.63983$fFLFBC 959 $aFLFBC 996 $aDisturbi della condotta alimentare$9842265 997 $aUNINA LEADER 01084nam--2200349---450- 001 990003271200203316 005 20090615113912.0 010 $a978-88-572-0026-2 035 $a000327120 035 $aUSA01000327120 035 $a(ALEPH)000327120USA01 035 $a000327120 100 $a20090615d2008----km-y0itay50------ba 101 $aita 102 $aIT 105 $a||||||||001yy 200 1 $a<> Cammeo Gonzaga$earti preziose alla corte di Mantova$fmostra a cura di Ornella Casazza$gcon la collaborazione di Elena Arsentyeva 210 $aMilano$cSkira$d2008 215 $a334 p.$cill.$d28 cm 606 0 $aGonzaga $xCollezionismo$xEsposizioni$z2008-2009 676 $a709.45281 702 1$aARSENTYEVA,$bElena 702 1$aCASAZZA,$bOrnella 801 0$aIT$bsalbc$gISBD 912 $a990003271200203316 951 $aXII.2.A. 575$b213176 LM$cXII.2.A.$d00226480 959 $aBK 969 $aUMA 979 $aSENATORE$b90$c20090615$lUSA01$h1135 979 $aSENATORE$b90$c20090615$lUSA01$h1139 996 $aCammeo Gonzaga$91118423 997 $aUNISA